000 01569nam a2200265Ia 4500
001 19367
003 GE_BSU
008 181216s||||||||xx |||||||||||||| ||und||
040 _cGE_BSU
080 _a622.272/274(075.8)
100 _aბურჩაკოვი, ა. ნ.გრინკო.ი.ჩერნიაკი
245 _aმიწისქვეშა სამთო სამუშაოების პროცესები
245 _bსახელმძღვ. უმაღლ. სასწ. სტუდ. სპეც. "მარგი წიაღისეულის საბადოთა მიწისქვეშა დამუშავების ტექნოლოგია და კომპლექსური მექანიზაცია
245 _cრედ:ჩ.გურგენიძე
250 _a- თარგმ. მე-2 გადამუშ. და შევს. რუს. გამოც..
260 _aთბილისი
260 _bგანათლება
260 _c1978
300 _a479გვ;22სმ.
300 _bლიტ. სია: გვ. 470-474
653 _aინჟინერია
653 _aმიწისქვეშა სამთო სამუშაოები - სახელმძღვანელოები უმაღლესი სასწავლებლებისათვის;
653 _aმიწისქვეშა სამთო სამუშაოების პროცესები
942 _cBK
999 _c52349
_d52349